खुली किताब : (Record no. 111589)

MARC details
000 -LEADER
fixed length control field 01342nam a22002777a 4500
003 - CONTROL NUMBER IDENTIFIER
control field dpl
005 - DATE AND TIME OF LATEST TRANSACTION
control field 20190129131242.0
008 - FIXED-LENGTH DATA ELEMENTS--GENERAL INFORMATION
fixed length control field 190129b ||||| |||| 00| 0 eng d
010 ## - LIBRARY OF CONGRESS CONTROL NUMBER
LC control number B-195989
020 ## - INTERNATIONAL STANDARD BOOK NUMBER
Terms of availability 275.00
International Standard Book Number 8186364312
035 ## - SYSTEM CONTROL NUMBER
System control number B-195989, B-195993
037 ## - SOURCE OF ACQUISITION
Source of stock number/acquisition Cen Lib/Ret
040 ## - CATALOGING SOURCE
Original cataloging agency DPL
Language of cataloging HN
Transcribing agency 0
082 ## - DEWEY DECIMAL CLASSIFICATION NUMBER
Classification number 820.8
Item number खुलिकी
245 ## - TITLE STATEMENT
Title खुली किताब :
Statement of responsibility, etc संकलन यादवेन्द्र शर्मा 'चन्द्र'
Remainder of title सहित्य व जीवन सम्बन्धी साक्षात्कार /
246 ## - VARYING FORM OF TITLE
Title proper/short title Khuli kitab : sahitya v jeevan sambandhi sakshatkar /
Remainder of title sankalan Yaadvender Sharma 'Chander'
260 ## - PUBLICATION, DISTRIBUTION, ETC. (IMPRINT)
Place of publication, distribution, etc दिल्ली
Name of publisher, distributor, etc भारत पुस्तक भंडार
Date of publication, distribution, etc 2005
270 ## - ADDRESS
Address फेज इ/265 ए, गली न.-16, सोनिया विहार
City दिल्ली
Postal code 110094
300 ## - PHYSICAL DESCRIPTION
Extent 216पृ.
Dimensions 20सेमी(सजिल्द )
650 ## - SUBJECT ADDED ENTRY--TOPICAL TERM
Topical term or geographic name as entry element हिंदी साहित्य
Geographic subdivision
9 (RLIN) 43544
650 ## - SUBJECT ADDED ENTRY--TOPICAL TERM
Topical term or geographic name as entry element हिंदी कहानियां
9 (RLIN) 2082
650 ## - SUBJECT ADDED ENTRY--TOPICAL TERM
Topical term or geographic name as entry element Hindi litarature
Form subdivision
9 (RLIN) 43619
650 ## - SUBJECT ADDED ENTRY--TOPICAL TERM
Topical term or geographic name as entry element Hindi stories
9 (RLIN) 43620
700 ## - ADDED ENTRY--PERSONAL NAME
Personal name 'चन्द्र', यादवेन्द्र शर्मा
9 (RLIN) 43621
942 ## - ADDED ENTRY ELEMENTS (KOHA)
Source of classification or shelving scheme Dewey Decimal Classification
Koha item type Hindi Books
Classification part 820.8
Call number suffix खुलिकी
Holdings
Withdrawn status Lost status Damaged status Not for loan Home library Current library Date acquired Source of acquisition Cost, normal purchase price Total Checkouts Full call number Barcode Date last seen Copy number Cost, replacement price Price effective from Koha item type Source of classification or shelving scheme Collection code
        Central Library Central Library 03/08/2015 Cen Lib/Ret 275.00   820.8 खुलिकी B-195989 03/08/2015 1 275.00 03/08/2015 Hindi Books    
        Shahdara Branch Shahdara Branch 29/01/2019 BPPD/PUB 275.00   820.8 खुलिकी B-195993 29/01/2019   275.00 29/01/2019 Hindi Books Dewey Decimal Classification Non-fiction

© Delhi Public Library
Hit Counter
free hit counter